02130nam a2200289 a 4500001001000000005001700010041000800027044000700035084002000042100004500062245021500107250000600322260004000328300001700368500012600385500014200511500081700653500005201470500001001522546002401532650005201556650005601608650003401664650004501698700004701743740005001790BRCA_342920190320204258.0 aita ait a718b.B33c16251 aCervantes Saavedra, Miguel ded1547-161610aDell´Ingegnoso Cittadino Don Chisciotte della ManciacComposto da Michel di Cervantes Saavedra et hora nuovamente tradotto con defeltá e chiarezza, di Spagnolo, in Italiano da Lorenzo Franciosini Fiorentino. a2 aVeneciabAppresso Andrea Babac1625 a2 v.c15 cm. aContenido : v.1. Primera parte. Nota del traductor. Prólogo del autor. -- v.2. Segunda parte. Dedicatoria del traductor aEdición : In questa Seconda Impressione corretta, e miglioreta con la Traduzione dei Versi Spagnuoli, non tradotti nella prima edizione aSegunda edición de la primera traducción italiana hecha por Lorenzo Franciosini Fiorentino, y la primera que imprimió ambas partes. Los versos que en la primera edición conservan su lengua original, en ambas partes de la presente están traducidos al italiano por Alejandro Adimaro. Tomó por modelo el texto de la edición española de Bruselas, publicada en 1607. La versión es bastante fiel al original, a pesar de algunas libertades que se ha tomado el traductor como son: convertir en médicos a los dos frailes benedictinos que aparecen montados en mulas, en el capítulo VIII, de la primera parte; cambiar los nombres de Grisóstomo y Ambrosio por los de Mirtilo y Ergasto, y otras. Suprime dedicatorias de Cervantes y el prólogo de éste a la segunda parte. Pergamino Lúdovik Osterc aEstado físico : Al ejemplar le falta el vo. 2 aQM538 aTexto en : italiano14aNovela españolayÉpoca clásica, 1500-170014aLiteratura españolayÉpoca clásica, 1500-170014aNovela españolaySiglo XVII14aDon Quijote (Personaje ficticio)eNovela1 aFranciosini Fiorentino, LorenzoeTraductor0 aEl Ingenioso Hidalgo Don Quijote de la Mancha